The food and drink of Mexico/

Guardat en:
Dades bibliogràfiques
Autor principal: BOOTH, George C.
Format: Llibre
Idioma:anglès
Publicat: Dover publishers 1976
Etiquetes: Afegir etiqueta
Sense etiquetes, Sigues el primer a etiquetar aquest registre!

MARC

LEADER 00000nam a22000007a 4500
008 210907b ||||| |||| 00| 0 eng d
020 |a  0-468-23314-6 
100 |a BOOTH, George C. 
245 |a The food and drink of Mexico/   |c George C. Booth  |g 190p.; ill. 
260 |b Dover publishers  |c  1976  |h  New York  |i 694419   |l TX716 .M4B65  |m Cooking, Mexican.  |m Beverages – Mexico.  |m Title. 
500 |a “It includes index” 
942 |a lcc  |c BK  |e j. o. ifatola  |f 07/ 09/ 2021 
952 |0 0  |1 0  |2 lcc  |4 0  |6 TX0716 M4 B65  |7 0  |9 3409  |a HOL  |b HOL  |c QZ  |d 2021-09-07  |l 0  |o TX716 .M4B65  |p 2021-67116  |r 2021-09-07 00:00:00  |w 2021-09-07  |y BK 
999 |c 1697  |d 1697